MDQL
is popping MORE tags! Check the
thread
!
Quizzes
Events
Quiz Creation
Community
Videos
Private Events
Remove Ads
Sign In
Join for FREE
Feedback
Dark Mode
Quiz Categories
Sports
Geography
Music
Movies
Television
Just For Fun
Miscellaneous
History
Literature
Language
Science
Gaming
Entertainment
Religion
Holiday
For Kids
Quiz Lab
Recent
Popular Today
Quiz Kudos Today
Editor Picks
Curator Picks
Quizzes by...
Day
Popularity
Type
Ratings
Length
Year
Community
Subscriptions
Recent Discussions
Orange Saloon
Badges
Playlists
Quests
Create
Leaderboards
Showdown
Live 5
Trivia Bingo
Activity
Puzzle Library
Sporcle Events
Private Events
Virtual Trivia
Globe League
Become a Host
Pub Owners
SporcleCon
Opinionation
Our Games
Videos
Blog
Mobile Apps
Partnerships
Remove Ads and Go Orange
Feedback
Language
Vocabulary
Begins and Ends
Definition
Spanish
French
German
Italian
Chinese
Latin
Translation
Japanese
Language
Vocabulary
Begins and Ends
Definition
Spanish
French
German
Italian
Chinese
Latin
Translation
Japanese
Random Quiz
Search Sporcle
×
Quiz Lab
Quiz Lab
Language
Spanish
Type in answers that appear in a list
Type in answers that appear in a list
Classic
Best Score? Go Orange.
Spanish 252 Chapter 5 Vocab Stats
Can you name the Spanish 252 Chapter 5 Vocab?
By
TRODAC
10m
67 Questions
36 Plays
36 Plays
36 Plays
Comments
Comments
Give Quiz Kudos
Give Quiz Kudos
-
- Ratings
hide this ad
Replay
Link that replays current quiz
Next Quiz
Link to next quiz in quiz playlist
You Got
0%
They Got
Avg Score
71%
Avg Friend Score
Upgrade to see
Score Distribution
Jump to the score distribution portion of the page
Score
0/67
Timer
10:00
0
Plays Today
Spanish Translation
English Word
% Correct
el mensaje
message
94.4%
las noticias
news
94.4%
la Red
Internet
94.4%
el Internet
Internet
94.4%
el sitio web
web site
91.7%
el programa
program
91.7%
copiar
to copy
91.7%
el periódico
newspaper
88.9%
el teléfono movil/
celular
cellphone
88.9%
el correo electrónico/
e-
mail
e-mail
88.9%
funcionar
to function
88.9%
cara a cara
face to face
88.9%
el artículo
article
86.1%
buscar (qu)
to look for
86.1%
hacer (irreg.) una búsqueda
to look for
86.1%
calcular
to calculate
86.1%
chatear
to chat
86.1%
el programa de deportivo
sports program
83.3%
la página web
web page
83.3%
fotocopiar
to photocopy
83.3%
el programa de entretenimiento
entertainment program
80.6%
la revista
magazine
80.6%
la tecla
key
80.6%
el teclado
keyboard
80.6%
el portal
portal
80.6%
enviar (envío) un mensaje
to send a message
80.6%
imprimir
to print
80.6%
la comunicación
communication
80.6%
el/
la periodista
journalist
77.8%
el satélite
satellite
77.8%
la impresora
printer
77.8%
el servidor
server
77.8%
el/
la usario/
a
user
77.8%
enviar (envío) un fax
to send a fax
77.8%
Spanish Translation
English Word
% Correct
guardar
to save
77.8%
hacer clic
to click
77.8%
pulsar
to click
77.8%
el punto (.)
dot
77.8%
el reproductor de MP3
MP3 player
75%
el buscador
search engine
69.4%
el aparato
appliance
66.7%
la emisora de radio
radio station
66.7%
la prensa
press
66.7%
la pantalla
screen
66.7%
el programa de informativo
information program
63.9%
el canal de televisión
TV channel
63.9%
el archivo
file
63.9%
borrar
to erase
63.9%
formatear
to format
63.9%
el disco duro
hard drive
61.1%
archivar
to file
61.1%
la noticia
piece of news
58.3%
la dirección de Internet
Internet address
58.3%
la soledad
solitude
58.3%
el avance
advance
58.3%
grabar
to record
55.6%
el/
la locutor(a)
radio host
52.8%
el escáner
scanner
52.8%
la ventaja
advantage
50%
el noticiero
news(cast)
47.2%
el reportaje
news report
47.2%
el aislamiento
isolation
47.2%
el/
la presentador(a)
TV host
38.9%
el/
la informático/
a
computer programmer
36.1%
almacenar
to store
25%
aislar(se)
to isolate (oneself)
25%
la sigla
letter used to abbreviate a name
19.4%
Quiz Playlist
Details
Report
Send in Message
Add To Playlist
Classic:
Type in answers that appear in a list
Last Updated: Feb 16, 2017
Quiz Scoreboard
CHALLENGE
Sign Up to Join the Scoreboard
Show All
Scores
Hide
Comments
May contain spoilers
Recently Published
1-10 Letter E Words III
by El_Dandy
Language
2m
Street Fighter Characters
by Artimus82
Gaming
60s
College Basketball Coaching Resumes
by pancakes188
Sports
9m
More to Explore
Quiz From the Vault
Featured Blog Post
Where Did the Easter Bunny Come From?
hide this ad
You Might Also Like...
Tags
Spanish Quiz
Vocabulary Quiz
Today's Top Quizzes in Language
Browse Language
hide this ad
Today's Top Quizzes in Spanish
Browse Spanish
Top Contributed Quizzes in Language
1
1-10 Letter F Words III
2
1-10 Letter G Words III
3
1-10 Letter H Words III
4
Celtic Nations in their Language
5
Alphabetize! : 'As' words
6
1-10 Letter I Words III
7
One Thing in Common: Italy
8
1-10 Letter J Words III
9
Order Up: Top 10 Most Native Spoken Languages
10
Weisst du, aus welchen Sprachen diese Wörter stammen?
Explore More
Trending Topics
Crossword
Harry Potter
Disney
Kpop
Marvel
Anime
NBA
NFL
Puzzle
Pokémon
WWE
Song
The Office
Soccer
Country
hide this ad
More By:
TRODAC
Quiz
Plays
Rating
Category
Featured
Created
World Politics Midterm Review
65
History
Oct 23, 2011
Elementary Chinese Lesson 8 Vocab
63
Language
Nov 10, 2012
Spanish 252 Chapter 3 Vocab
37
Language
Nov 6, 2011
Spanish 252 Chapter 5 Vocab
36
Language
Nov 20, 2011
Spanish 252 Chapter 1 Vocab
27
Language
Dec 1, 2011
Go to Creator's Profile
Score Distribution
Quiz Creator Spotlight
TRODAC
Follow
Send a Message
Quizzes Created
-
Created Quiz Play Count
-
More By This Creator
Popular Quizzes Today
1
Find the US States - No Outlines Minefield
2
Find the Countries of Europe - No Outlines Minefield
3
The Countries of the World
4
Find the US States
5
Risky Map Clicking: Biggest States A-Z
6
US States
7
Popular People in 1961
8
Movies - When Are They Set?
More Language Quizzes
Baseball Homographs
Curator's Pick
Trending Quizzes
Risky Map Clicking: Least Populous States A-Z
Billboard Blitz: Aretha Franklin
1-10 Letter G Words
Countries of the World: 200 Million BC
1-10 Letter F Words
Recently Updated
Leaping Animals
pecheneg
Reality TV Shows (A-Z)
bhenderson79
Rickey Henderson's Hall of Fame Teammates
pecheneg
Champions League XIs: Arsenal
pecheneg
Quick Pick: Celebrities in WWE's Hall of Fame
aduchscher
A-Z Keypad Blitz II
pecheneg
Multiple Oscar Actors
pecheneg
Mystery Phrase Blitz: Oscar 'Best Actors'
pecheneg
F. Scott Fitzgerald Novels
LTH
Pick 3 Villains
ddd62291
Trending Topics
Disney
Harry Potter
Anime
Kpop
NBA
Marvel
Crossword
Pokémon
Song
Country
The Office
Puzzle
Soccer
NFL
WWE
Your Account Isn't Verified!
In order to create a playlist on Sporcle, you need to verify the email address you used during registration. Go to your
Sporcle Settings
to finish the process.
Report this User
Report this user for behavior that violates our
Community Guidelines
.
Details:
Send Report
Go to the Sporcle.com Mobile Site →
Comments